| 000 | 00409cam a2200169ua 4500 | ||
|---|---|---|---|
| 020 | _c85 | ||
| 041 |
_amal _h |
||
| 082 |
_a894.812 301 _bRAJ/RA |
||
| 100 | _aRajalakshmi, . | ||
| 245 |
_aRajalakshmiyude kathakal / _cRajalakshmi. _hTextual Documents |
||
| 250 |
_a1 / _b. |
||
| 260 |
_aThrissur : _bCurrent Books , _c1993. |
||
| 300 | _a167 ; . | ||
| 365 | _a85 | ||
| 504 | _a | ||
| 999 |
_c13579 _d13579 |
||